Missing Word: 2002 Movies Quiz Stats

 Plays Quiz Updated Aug 16, 2012

Support Sporcle.
Go Orange.
Score 0/20 Timer 03:00
0 Plays Today
Hint Answer % Correct
My Big _______ Greek WeddingFat
98.8%
Catch _____ If You CanMe
98.7%
Sweet Home ________Alabama
95.4%
_______ It Like BeckhamBend
90%
The Bourne ________Identity
89.8%
Die _______ DayAnother
87.6%
Harry Potter and the _______ of SecretsChamber
87.5%
The Lord of the Rings: The Two ________Towers
86.1%
Resident ________Evil
85.5%
The ______ of Monte CristoCount
83.9%
Hint Answer % Correct
Analyze _____That
79.5%
Star Wars: Episode II-______ of the ClonesAttack
74.7%
_______ Days Later28
72.6%
______ of New YorkGangs
72.3%
Ice ______Age
71.7%
______ ReportMinority
71.7%
8 _____Mile
69.7%
______ A BoyAbout
69.5%
Road to ________Perdition
59.2%
A _______ to RememberWalk
51.7%

Today's Daily Dose

Word Ladder
Emancipation Day

Quick Pick
SNL Quotes

Get the Picture
June Holidays

You're not logged in!

Compare scores with friends on all Sporcle quizzes.
OR
Log In

From the Vault

Most Olympic Medals A-Z

by nrsilver

All that effort learning to spell Kyrgyzstan just might be wasted on this quiz.
Remove Ads.
Support Sporcle.
Get the best of Sporcle when you Go Orange. This ad-free experience offers more features, more stats, and more fun while also helping to support Sporcle. Thank you for becoming a member.

Show Comments

Extras

Top Quizzes Today


Score Distribution

Your Account Isn't Verified!

In order to create a playlist on Sporcle, you need to verify the email address you used during registration. Go to your Sporcle Settings to finish the process.

Report this User

Report this user for behavior that violates our Community Guidelines.

Details: